| 000 | 00713nam a2200229 a 4500 | ||
|---|---|---|---|
| 999 |
_c3211 _d3211 |
||
| 001 | 3211 | ||
| 003 | BD-JhCC | ||
| 005 | 20171112095812.0 | ||
| 008 | 171111s1985 b ||||| |||| 00| 0 ben d | ||
| 035 | _a(BD-JhCC) | ||
| 040 |
_aBD-JhCC _dBD-JhCC |
||
| 041 | _aben | ||
| 082 |
_a398.09 _bSHA 1985 |
||
| 100 | _aসরকার, মতীন | ||
| 245 |
_aবাংলাদেশের কবিগান / _cমতীন সরকার |
||
| 260 |
_aঢাকা : _bবাংলা একাডেমী, _c১৯৮৫ |
||
| 300 |
_a112 p. : _c20cm. |
||
| 490 | _aSeries in honour of the Martyrs of the Language Movement of February 1952. | ||
| 650 | _aFolk poetry | ||
| 942 |
_2ddc _cBK |
||